000 00540 a2200205 4500
005 20260313111001.0
008 260312b |||||||| |||| 00| 0 eng d
020 _a9789350027189
_cRs. 895.00
040 _aMAIN
082 _a306.461
_bI6L
100 _aIvan, Illich
245 _aLimits to medicine: Medical nemesis: The expropriation of health
260 _bAakar Books
_aDelhi
_c2025
300 _a305
650 _aSociology
650 _aCulture
650 _aSocial Aspects
650 _aMedical Sociology
942 _cBK
999 _c394679
_d394679